साहित्य यात्रा: (Record no. 204962)

MARC details
000 -LEADER
fixed length control field 00697nam a2200121 4500
008 - FIXED-LENGTH DATA ELEMENTS--GENERAL INFORMATION
fixed length control field 240808b |||||||| |||| 00| 0 eng d
022 ## - INTERNATIONAL STANDARD SERIAL NUMBER
International Standard Serial Number 2349-1906
245 ## - TITLE STATEMENT
Title साहित्य यात्रा:
Remainder of title सहितियक- सांस्कृतिक यात्रा की साक्षी/
Statement of responsibility, etc कलानाथ मिश्र द्वारा संपादक
260 ## - PUBLICATION, DISTRIBUTION, ETC. (IMPRINT)
Place of publication, distribution, etc पटना
Name of publisher, distributor, etc विद्वत परिषद् द्वारा समिछित पत्रिका
Date of publication, distribution, etc 2024
300 ## - PHYSICAL DESCRIPTION
Extent वर्ष 9, अंक 38;
Dimensions 24 से.मी .
700 ## - ADDED ENTRY--PERSONAL NAME
Personal name संपादक कलानाथ मिश्र
9 (RLIN) 69754
942 ## - ADDED ENTRY ELEMENTS (KOHA)
Source of classification or shelving scheme Dewey Decimal Classification
Item type Periodicals
Call number suffix साहित्य
Serial record 1
Holdings
Withdrawn status Lost status Damaged status Not for loan Collection code Home library Current library Shelving location Date acquired Total Checkouts Full call number Date last seen Price effective from Koha item type
      Not For Loan Non-fiction D.B.Act.Division D.B.Act.Division On Display 08/08/2024   साहित्य 08/08/2024 08/08/2024 Periodicals

© Delhi Public Library
Hit Counter
free hit counter